[Event "Ambalangoda Dhamso op 8th"]
[Site "Ambalangoda"]
[Date "2018.04.22"]
[Round "7"]
[White "Siriwardena, GTD"]
[Black "Devindi, H Tharushi Amasha"]
[Result "1-0"]
[WhiteElo "1571"]
[BlackElo "1170"]
[PlyCount "83"]
[EventDate "2018.04.19"]
[EventType "swiss"]
[EventRounds "9"]
[EventCountry "SRI"]
[SourceTitle "CBM 184 Extra"]
[Source "ChessBase"]
[SourceDate "2018.06.28"]
[SourceVersion "1"]
[SourceVersionDate "2018.06.28"]
[SourceQuality "1"]

1. e4 d5 2. exd5 Nf6 3. c4 c6 4. dxc6 Nxc6 5. Nf3 e5 6. d4 exd4 7. Bd3 Bc5 8. 0-0 0-0 9. a3 Re8 10. b4 Bb6 11. Bf4 Bg4 12. Nbd2 Nh5 13. Bg3 Nxg3 14. hxg3 Ne5 15. Qc2 Nxd3 16. Qxd3 Qf6 17. c5 Bf5 18. Qxd4 Bd8 19. Rfe1 Be7 20. Nc4 Qxd4 21. Nxd4 Bd3 22. Ne5 Bf6 23. Nxd3 Bxd4 24. Rxe8+ Rxe8 25. Re1 Rxe1+ 26. Nxe1 Bb2 27. a4 f6 28. Kf1 Kf7 29. Ke2 Ke6 30. Kd3 Kd5 31. Nc2 Bc1 32. g4 g6 33. Nd4 Ba3 34. Nc2 Bc1 35. Ne1 g5 36. g3 b6 37. cxb6 axb6 38. Kc3 h6 39. Nd3 Ba3 40. Kb3 Kd4 41. Kxa3 Kxd3 42. a5 1-0

[Event "SRI-chB"]
[Site "Malabe"]
[Date "2015.06.19"]
[Round "1"]
[White "Siriwardena, GTD"]
[Black "Gunaratne, Mojitha Sathsara"]
[Result "0-1"]
[WhiteElo "1599"]
[BlackElo "1899"]
[PlyCount "82"]
[EventDate "2015.06.19"]
[EventType "swiss"]
[EventRounds "10"]
[EventCountry "SRI"]
[SourceTitle "CBM 167 Extra"]
[Source "ChessBase"]
[SourceDate "2015.09.14"]
[SourceVersion "1"]
[SourceVersionDate "2015.09.14"]
[SourceQuality "1"]

1. e4 e5 2. Nf3 Nc6 3. Bb5 a6 4. Ba4 Nf6 5. 0-0 Be7 6. Re1 b5 7. Bb3 0-0 8. d4 d6 9. c3 Bg4 10. d5 Na5 11. Bc2 c5 12. Nbd2 Ne8 13. h3 Bd7 14. g4 g6 15. Nf1 Nc4 16. b3 Nb6 17. Ng3 Ng7 18. Bh6 c4 19. Nd2 Qc8 20. bxc4 Nxc4 21. Nxc4 Qxc4 22. Qd3 Rfc8 23. Qxc4 Rxc4 24. Re3 a5 25. Bb3 Rc5 26. a4 Rb8 27. axb5 Rcxb5 28. Bc2 Bd8 29. Ree1 Rc5 30. Ne2 Ne8 31. Be3 Rcc8 32. Bd3 Bb5 33. Ba7 Bxd3 34. Bxb8 Rxb8 35. Nc1 Bc4 36. Ra4 Bb5 37. Ra3 Bb6 38. Na2 Bc4 39. Rb1 Bxf2+ 40. Kxf2 Rxb1 41. Rxa5 Rb2+ 0-1